| 000 | 02629cam0 2200541 ib4500 | ||
|---|---|---|---|
| 001 | BY-NLB-br0002045602 | ||
| 005 | 20260414092645.0 | ||
| 010 |
^a978-985-575-724-6 ^bу пераплёце ^d21р.77к. |
||
| 035 | ^a(BY-MI0006)BY-NLB-br0002045602 | ||
| 035 | ^a(BY-MI0000)BY-NLB-br0002045602 | ||
| 100 | ^a20260309d2026 cd y0bely50 ca | ||
| 101 | 0 | ^abel | |
| 102 | ^aBY | ||
| 105 | ^aa z 000oy | ||
| 109 | ^ama | ||
| 181 | 0 | ^ai3 | |
| 181 | 0 | ^ab1 | |
| 182 | 0 | ^an | |
| 200 | 1 |
^aАдкуль у кенгуру сумка ^eказкі народаў Аўстраліі і Акіяніі ^fў пераказе Уладзіміра Мазго і Міколы Чарняўскага ^g[укладальнікі: У. Мазго, М. Чарняўскі ^gмастак А. Пышнік] |
|
| 203 |
^aТэкст ^aВыява ^cнепасрэдныя |
||
| 210 |
^aМінск ^cЗвязда ^d2026 |
||
| 215 |
^a76, [3] с. ^cкаляр. іл. ^d27 см |
||
| 333 | ^a6+ | ||
| 345 | ^91100 экз. | ||
| 606 | 0 |
^aКАЗКІ ^3BY-NLB-ar2690407 ^2DVNLB |
|
| 606 | 0 |
^aСКАЗКИ ^3BY-NLB-ar2690406 ^2DVNLB |
|
| 606 | 0 |
^aМАСТАЦКАЯ ЛІТАРАТУРА ^3BY-NLB-ar37180 ^2DVNLB |
|
| 606 | 0 |
^aХУДОЖЕСТВЕННАЯ ЛИТЕРАТУРА ^3BY-NLB-ar37179 ^2DVNLB |
|
| 606 | 0 |
^aДЗІЦЯЧАЯ І ЮНАЦКАЯ ЛІТАРАТУРА ^3BY-NLB-ar2691729 ^2DVNLB |
|
| 606 | 0 |
^aДЕТСКАЯ И ЮНОШЕСКАЯ ЛИТЕРАТУРА ^3BY-NLB-ar2691728 ^2DVNLB |
|
| 608 |
^aДЗІЦЯЧАЯ І ЮНАЦКАЯ ЛІТАРАТУРА (мастацкі твор) ^2BYGNR ^3BY-NLB-ar9020 |
||
| 608 |
^aДЕТСКАЯ И ЮНОШЕСКАЯ ЛИТЕРАТУРА (художеств. произведение) ^3BY-NLB-ar9019 ^2BYGNR |
||
| 608 |
^aКАЗКА ^3BY-NLB-ar30343 ^2BYGNR |
||
| 608 |
^aСКАЗКА ^3BY-NLB-ar30342 ^2BYGNR |
||
| 615 |
^aБелорусский национальный документ ^3BY-SEK-ar1826174 |
||
| 686 |
^a84(8) ^2rubbk |
||
| 690 |
^a1 ^2Base ^9BY-MI0006 ^xRSEK |
||
| 702 | 1 |
^aМазго ^bУ. М. ^gУладзімір Мінавіч ^cпаэт ^fнар. 1959 ^3BY-SEK-183152 ^4010 ^4220 |
|
| 702 | 1 |
^aЧарняўскі ^bМ. ^gМікола ^cпісьменнік ^fнар. 1943 ^3BY-SEK-165110 ^4010 ^4220 |
|
| 702 | 1 |
^aПышнік ^bА. І. ^gАлена Ігараўна ^cмастачка ^3BY-SEK-ar15012955 ^4040 |
|
| 801 | 0 |
^aBY ^bBY-HM0000 ^c20260309 ^gRCR |
|
| 801 | 2 |
^aBY ^bBY-BR0004 ^c20260324 ^gRCR |
|
| 801 | 2 |
^aBY ^bBY-MI0000 ^c20260325 ^gRCR |
|
| 801 | 2 |
^aBY ^bBY-MI0006 ^c20260414 ^gRCR |
|
| 899 | 0 |
^aBY-MI0006 ^iА30 ^h84(8) |
|